Recognizing and rewarding employees

Bibliographic Details
Main Author: BOWEN
Format: Book
Published: New York : McGraw Hill , 2000
Series:Briefcase series
Subjects:

MARC

LEADER 00000cam a2200000 7i4500
001 0000002049
005 20020917.0
020 0 0 |a 0071356177 
090 0 0 |a 658.3142   |b BOW 2000 
100 1 0 |a BOWEN   |h R. Brayton 
245 1 0 |a Recognizing and rewarding employees   |c R. Brayton Bowen 
260 0 0 |a New York :   |b McGraw Hill ,   |c 2000 
300 |a xiii, 241 p. ;   |c 23 cm. 
440 0 0 |a Briefcase series 
500 0 0 |a Includes bibliography: (p. 231-233) and index 
650 0 0 |a Employee motivation 
650 0 0 |a Incentives in industry 
998 |a JPSM 
999 |a 0000003422   |b Monograph   |c Open Shelf   |e Default branch